Responses for Show #3324 - Thursday, February 4, 1999

Contestants

[<< previous game]

Yen Bawagan, a research scientist from Wayne, Pennsylvania

Nathan Childs, a reporter from Washington, D.C.

Josh Flosi, a teacher from Danville, California (whose 1-day cash winnings total $15,001)

[next game >>]

Jeopardy! Round responses

PEOPLE IN HISTORY
DAD TV
(Alex: You have to name the television show; we'll give you the dad.)
GORILLA MY DREAMS
ARCH-EOLOGY
FOOD GLORIOUS FOOD
FIX THE PROVERB
    $100 1
Grover Cleveland

Nathan
    $100 11
Leave It To Beaver

Josh
    $100 29
Columbus

Yen
    $100 6
(Nathan: What is Napoleon's Tomb?)

the Arc de Triomphe

NathanYen
    $100 17
Pancakes

Yen
    $100 30
The best things in life are free

Yen
    $200 2
Bonnie Parker & Clyde Barrow

Josh
    $200 12
The Beverly Hillbillies

Josh
    $200 28
Primates

Nathan
    $200 7
St. Louis Gateway Arch

Josh
    $200 24
(Nathan: What is an oyster?)

shrimp

NathanYen
    $200 22
Actions speak louder than words

Yen
    $300 3
Mao Tse-tung

Nathan
    $300 13
The Cosby Show

Yen
    $300 26
Mountain gorilla

Nathan
    $300 8
Seoul

Josh
    $300 23
Candy store/chocolate shop

Nathan
    $300 14
(Alex: And it's tough to say, too!)

Beware of Greeks bearing gifts

Josh
    $500 4
(Nathan: Who is Marc Antony?)
...
(Alex: She managed to seduce Marc Antony; she didn't fail with him, so they say!)

Herod the Great

Nathan
    $400 15
Bonanza

Yen
    $400 25
(Alex: We have about a minute left.)

Dian Fossey

Yen
    $400 9
Utah

Josh
    $400 19
Hollandaise sauce

Nathan
    $400 21
(Nathan: What is the pen is... is more difficult... aaah!)
...
(Alex: That's what Nathan was trying to say!)

The pen is mightier than the sword

JoshNathan
    $500 5
Ivan Pavlov

Yen
    $500 27
Just Shoot Me! (played by George Segal)

Triple Stumper
    $500 18
Silverback

Yen
    $500 10
(Nathan: What is Hampton?)

Newport News

JoshNathan
    $500 16
Wellville

Nathan
    $500 20
If you lie down with dogs, you'll wake up with fleas

Josh

Scores at the first commercial break (after clue 14):

Josh Nathan Yen
$2,200 -$700 $900

Scores at the end of the Jeopardy! Round:

Josh Nathan Yen
$3,100 $400 $2,900

Double Jeopardy! Round responses

LITERATURE
DIRECTORS
WORD ORIGINS
HEIFETZ
TUESDAY
THIS MUST BE BELGIUM
(Alex: Okay, we're getting cute again!)
    $200 1
Martin Chuzzlewit

Yen
    $200 6
Alfred Hitchcock

Yen
    $200 11
Sister

Josh
    $200 26
(Yen: Who is Andrew Carnegie?)
...
(Alex: We were going for the building, not the man.)

Carnegie Hall

JoshYen
    $200 21
(Nathan: Who is Bo Derek?)

Dudley Moore

NathanYen
    $200 16
Brussels

Josh
    $400 2
Spain

Nathan
    $400 7
Woody Allen

Josh
    $2,000 12
(Josh: What is stirrup?)

pommel

Josh
    $400 27
(Josh: What is broccoli?)

spinach

JoshNathan
    $400 22
Elvis Presley

Yen
    $400 17
Hercule Poirot

Nathan
    $600 3
Jane Eyre

Yen
    $600 8
Vincente Minnelli

Yen
    $600 13
(Nathan: What is hive?)

honeycomb

NathanYen
    $600 28
[The end-of-round signal sounds.]

Stradivarius

Josh
    $600 23
(Alex: About a minute to go.)

Dobie Gillis

Yen
    $600 18
Marvin Gaye

Nathan
    $800 4
(Josh: Who is Lord Byron?)

Alfred Lord Tennyson

JoshYen
    $800 9
John Ford

Nathan
    $800 14
Earwig

Josh
    $800 24
(Yen: What is Annie Hall?)

Looking for Mr. Goodbar

Yen
Triple Stumper
    $1,500 19
Marquis de Lafayette

Nathan
    $1000 5
Andre Malraux

Triple Stumper
    $1000 10
Anthony Minghella

Yen
    $1000 15
(Y: What are jodphurs?)

Puttees

Yen
Triple Stumper
    $1000 25
Steve McQueen

Yen
    $1000 20
(Alex: That was the name of the musical, [*] Is Alive...)

Jacques Brel

Triple Stumper

Scores at the end of the Double Jeopardy! Round:

Josh Nathan Yen
$2,300 $3,700 $7,100

[wagering suggestions for these scores]

Final Jeopardy! Round responses

FAMOUS NICKNAMES
(Alex: Nathan, you get to relax for four weeks because we have a lot of special games coming up, so we will see you after our tournaments, right here on Jeopardy! So long, everybody--special game tomorrow!)
JoshWhat is Evita?
$1,500
NathanWhat is Che?
$3,100
YenWhat is Senor?
$301
Che (for Che Guevara, who was born in Argentina)

Final scores:

Josh Nathan Yen
$800 $6,800 $6,799
3rd place: Store of Knowledge Gift Certificate New champion: $6,800 2nd place: Trip to Wyndham Rose Hall & Beach Resort, Montego Bay, Jamaica

Game dynamics:

Coryat scores:

Josh Nathan Yen
$4,300 $3,500 $7,100
16 R,
3 W
(including 1 DD)
13 R
(including 1 DD),
7 W
(including 1 DD)
22 R,
3 W

Combined Coryat: $14,900

[game clues] [game scores] [suggest correction]

Game tape date: Unknown
The J! Archive is created by fans, for fans. Scraping, republication, monetization, and malicious use prohibited; this site may use cookies and collect identifying information. See terms. The Jeopardy! game show and all elements thereof, including but not limited to copyright and trademark thereto, are the property of Jeopardy Productions, Inc. and are protected under law. This website is not affiliated with, sponsored by, or operated by Jeopardy Productions, Inc. Join the discussion at JBoard.tv.